000 00507nam a2200193Ia 4500
005 20240823024233.0
008 240823s9999||||xx |||||||||||||| ||und||
020 _a978-81-203-1473-3
041 _aENGLISH
082 _A621.382 P9
100 _aMarvin K Simon et al.
245 0 _aDigital Communication Techniques Signal Design and detection
250 _a1st
260 _c2009
_b#VALUE!
500 _aTRANSFERED
650 _aDigital Communication
_bElectronics
942 _cBK
999 _c183446
_d183446